[Event "OLNO 1920 SC Zitadelle-Spandau - SV Emp"]
[Site "?"]
[Date "2021.08.14"]
[Round "8.3"]
[White "Szajbely, Zsigmond"]
[Black "Schwedek, Tony"]
[Result "1/2-1/2"]
[WhiteElo "2270"]
[BlackElo "1974"]
[PlyCount "93"]
[EventDate "2021.??.??"]

1. d4 d5 2. Nc3 Nf6 3. Bf4 c6 4. e3 Bf5 5. Nf3 e6 6. Ne5 Nbd7 7. f3 Nxe5 8.
Bxe5 Bd6 9. g4 Bg6 10. Bxd6 Qxd6 11. Qd2 b5 12. O-O-O O-O 13. h4 h5 14. gxh5
Nxh5 15. f4 a5 16. Rg1 a4 17. Bd3 Bxd3 18. cxd3 f5 19. Qg2 Ra7 20. Kb1 Qe7 21.
Rc1 Rc8 22. Nxb5 Rb7 23. Nc3 Rcb8 24. Rc2 Rb4 25. Nd1 a3 26. b3 Qb7 27. Rc3 c5
28. dxc5 d4 29. Qxb7 R8xb7 30. Rc4 dxe3 31. c6 Rxc4 32. dxc4 Rc7 33. Nxe3 Rxc6
34. b4 Nxf4 35. Kc2 Nd5 36. Nxd5 Rxc4+ 37. Nc3 Rxb4 38. h5 Kf7 39. Rh1 Kf6 40.
h6 gxh6 41. Rxh6+ Ke5 42. Rh5 Rb2+ 43. Kd3 Kf4 44. Rh4+ Kf3 45. Rh3+ Kf4 46.
Rh4+ Kf3 47. Rh3+ 1/2-1/2

[Event "OLNO 1920 SC Zitadelle-Spandau - SV Emp"]
[Site "?"]
[Date "2021.08.14"]
[Round "8.4"]
[White "Schirrmacher, Carsten"]
[Black "Sulayev, Daniel"]
[Result "0-1"]
[WhiteElo "2102"]
[BlackElo "2188"]
[PlyCount "84"]
[EventDate "2021.??.??"]

1. e4 c5 2. Nf3 Nc6 3. Nc3 e5 4. Bc4 d6 5. d3 Be7 6. Nd2 Nf6 7. Nf1 O-O 8. Ne3
a6 9. a4 Be6 10. O-O Rb8 11. Bd2 Nd4 12. a5 Nd7 13. Ncd5 Bg5 14. f4 exf4 15.
Nxf4 Bxf4 16. Rxf4 Ne5 17. Nd5 Nxc4 18. dxc4 Nc6 19. Bc3 f6 20. b3 Bxd5 21.
Qxd5+ Kh8 22. Raf1 Qe7 23. Qf5 Ne5 24. Rh4 g6 25. Qf2 Rbe8 26. Rf4 Kg7 27. Qd2
Qd7 28. h3 Re6 29. g4 h6 30. Kg2 Qc6 31. Qe3 g5 32. Rf5 Ng6 33. Rd5 Qe8 34. Qd2
Rxe4 35. Kg3 Re2 36. Qd1 Qe4 37. Rf2 Re3+ 38. Rf3 Nh4 39. Rd3 Qf4+ 40. Kf2 Qh2+
41. Kxe3 Re8+ 42. Be5 Rxe5# 0-1

[Event "OLNO 1920 SC Zitadelle-Spandau - SV Emp"]
[Site "?"]
[Date "2021.08.14"]
[Round "8.5"]
[White "Nitsche-Hahn, Raphael"]
[Black "Boettcher, Patrick"]
[Result "0-1"]
[WhiteElo "2087"]
[BlackElo "2085"]
[PlyCount "150"]
[EventDate "2021.??.??"]

1. d4 Nf6 2. Bf4 g6 3. e3 Bg7 4. Nf3 d6 5. h3 O-O 6. Be2 Nc6 7. O-O Bf5 8. c4
Ne4 9. Qb3 Bd7 10. Rd1 e5 11. dxe5 dxe5 12. Bh2 Re8 13. Nbd2 Nc5 14. Qa3 Bf8
15. Qc3 Bg7 16. Nb3 Nxb3 17. Qxb3 a5 18. Rd2 a4 19. Qxb7 Rb8 20. Qa6 Ra8 21.
Qb5 Ra5 22. Qb7 Ra7 23. Qxc6 Bxc6 24. Rxd8 Rxd8 25. Nxe5 Ba8 26. Rd1 Rxd1+ 27.
Bxd1 Be4 28. b4 axb3 29. Bxb3 c5 30. f3 Bb1 31. Nc6 Rd7 32. Bf4 f5 33. Kf1 Rb7
34. Bd6 Bf8 35. Be5 Rb6 36. Nb8 Re6 37. Nd7 Be7 38. Ke2 Kf7 39. Kd2 Ke8 40. Ba4
Kd8 41. Kc3 Ra6 42. Bb5 Rxa2 43. g4 Rc2+ 44. Kb3 Rf2 45. Nb8 Bf8 46. Bc6 Bc2+
47. Kc3 Bd1 48. gxf5 gxf5 49. f4 Rc2+ 50. Kd3 Rh2 51. Na6 Be2+ 52. Kc3 Rxh3 53.
Bd5 Rxe3+ 54. Kd2 Ra3 55. Nc7 Ra2+ 56. Ke3 Be7 57. Ne6+ Kd7 58. Ng7 h5 59. Nxf5
Bg4 60. Nh6 Bh3 61. Bf3 h4 62. Nf7 Be6 63. Ng5 Bxg5 64. fxg5 Bxc4 65. g6 Be6
66. g7 Ke7 67. Kf4 Ra4+ 68. Kg5 h3 69. Kg6 Bg8 70. Bf6+ Kd6 71. Kf5 Bh7+ 72.
Kg5 h2 73. Kh6 Bg8 74. Bg5 Ke5 75. Bd8 Kf5 0-1

[Event "OLNO 1920 SC Zitadelle-Spandau - SV Emp"]
[Site "?"]
[Date "2021.08.14"]
[Round "8.6"]
[White "Riedel, Hartmut"]
[Black "Schabe, Felix"]
[Result "1-0"]
[WhiteElo "2041"]
[BlackElo "1961"]
[PlyCount "65"]
[EventDate "2021.??.??"]

1. d4 Nf6 2. c4 g6 3. Nc3 Bg7 4. e4 O-O 5. Nf3 d6 6. Be2 e5 7. O-O Nc6 8. d5
Ne7 9. Ne1 Nd7 10. Be3 f5 11. f3 f4 12. Bf2 g5 13. c5 Nf6 14. Rc1 Rf7 15. cxd6
cxd6 16. Nb5 Ng6 17. Nxa7 g4 18. Rxc8 Rxc8 19. Nxc8 Qxc8 20. Nd3 h5 21. Qa4
gxf3 22. Rc1 Qg4 23. Bxf3 Qg5 24. h3 Bf8 25. Qa8 Ng4 26. hxg4 hxg4 27. Kf1 Nh4
28. Bxh4 Qxh4 29. Nf2 gxf3 30. gxf3 Rg7 31. Rc8 Qe7 32. Ng4 Rh7 33. Rxf8+ 1-0

[Event "OLNO 1920 SC Zitadelle-Spandau - SV Emp"]
[Site "?"]
[Date "2021.08.14"]
[Round "8.7"]
[White "Silz, Elisa"]
[Black "Giese, Reinhard"]
[Result "1-0"]
[WhiteElo "2033"]
[BlackElo "2106"]
[PlyCount "79"]
[EventDate "2021.??.??"]

1. d4 Nf6 2. Nf3 g6 3. c4 Bg7 4. Nc3 d6 5. e4 O-O 6. Be3 Na6 7. h3 c5 8. d5 Bd7
9. Be2 Nc7 10. O-O Rb8 11. e5 Nfe8 12. Qd2 dxe5 13. Bxc5 b6 14. Be3 Na6 15.
Rad1 Rc8 16. Bh6 f6 17. Bxg7 Kxg7 18. Ne4 Nc5 19. Nxc5 bxc5 20. b4 Nd6 21. Rc1
Qb6 22. a3 e4 23. Ne1 e5 24. Nc2 f5 25. Qc3 Rfe8 26. Na1 Rb8 27. bxc5 Qxc5 28.
Rb1 Nb5 29. Qa5 f4 30. cxb5 f3 31. Rfc1 Qe7 32. Bf1 Qg5 33. Qxa7 Re7 34. Qxb8
fxg2 35. Be2 e3 36. Qb6 Bxh3 37. Qxe3 Qh4 38. Qg3 Qh6 39. d6 Rf7 40. Qxe5+ 1-0

[Event "OLNO 1920 SC Zitadelle-Spandau - SV Emp"]
[Site "?"]
[Date "2021.08.14"]
[Round "8.8"]
[White "Fuchs, Dominik"]
[Black "Freude, Max"]
[Result "1-0"]
[WhiteElo "1966"]
[BlackElo "1836"]
[PlyCount "111"]
[EventDate "2021.??.??"]

1. d4 Nf6 2. c4 e6 3. Nc3 Bb4 4. Qc2 O-O 5. a3 Bxc3+ 6. Qxc3 d5 7. Bg5 Nbd7 8.
e3 b6 9. cxd5 exd5 10. Qc6 Rb8 11. Rc1 Bb7 12. Qxc7 Qxc7 13. Rxc7 Rfc8 14.
Rxc8+ Rxc8 15. Kd1 Bc6 16. Bd3 Ne4 17. Nh3 f6 18. Bf4 g5 19. Bg3 Ba4+ 20. Ke2
h6 21. f3 Nxg3+ 22. hxg3 Nf8 23. Nf2 Kg7 24. Kd2 Ne6 25. Bf5 Bd7 26. g4 Rc7 27.
Rc1 Rxc1 28. Kxc1 Kf7 29. Nh1 Bb5 30. Bxe6+ Kxe6 31. Ng3 Bd3 32. Kd2 Bg6 33. e4
a6 34. Ke3 b5 35. b4 Kd7 36. Nf5 h5 37. gxh5 Bxh5 38. exd5 Bg6 39. Ke4 Bh7 40.
g4 Bg6 41. d6 Bf7 42. Nh6 Bg6+ 43. Kd5 Bc2 44. Kc5 Bd1 45. Ng8 Bxf3 46. Nxf6+
Ke6 47. d7 Ke7 48. Kb6 Kd8 49. Kxa6 Be2 50. Kb6 Bf1 51. Kc5 Be2 52. Kd5 Bc4+
53. Ke5 Bd3 54. Ke6 Bc2 55. Kf7 Bd3 56. Kg7 1-0

[Event "OLNO 1920 SK König Tegel II - SC Weiss"]
[Site "?"]
[Date "2021.08.14"]
[Round "8.1"]
[White "Waldmann, Hans-Joachim"]
[Black "Giemsa, Stephan"]
[Result "1-0"]
[WhiteElo "2289"]
[BlackElo "2300"]
[PlyCount "121"]
[EventDate "2021.??.??"]

1. Nf3 d5 2. g3 g6 3. Bg2 Bg7 4. O-O e5 5. c4 dxc4 6. Qa4+ Bd7 7. Qxc4 Nc6 8.
Nc3 Nge7 9. e3 O-O 10. Rd1 Be6 11. Qa4 Bd7 12. Qa3 Nf5 13. Ne4 b6 14. d3 Re8
15. Bd2 a5 16. b3 h6 17. Bc3 Na7 18. Qb2 Nc6 19. d4 exd4 20. Nxd4 Nfxd4 21.
exd4 Bf5 22. d5 Bxc3 23. Qxc3 Bxe4 24. dxc6 Qg5 25. Rd7 Bxg2 26. Kxg2 Rac8 27.
Rad1 Qe5 28. Qxe5 Rxe5 29. Rd8+ Rxd8 30. Rxd8+ Kg7 31. Rd7 Re2 32. Rxc7 Rxa2
33. Rb7 Rc2 34. Rxb6 Rc3 35. h4 h5 36. Kf1 Kf6 37. Ke2 Ke5 38. Kd2 Rc5 39. Kd3
Kd6 40. Ra6 Rd5+ 41. Kc3 Rc5+ 42. Kb2 Rxc6 43. Rxa5 Rc7 44. b4 Re7 45. Ra6+ Kd5
46. Kb3 Rb7 47. Ka4 Kc4 48. Rc6+ Kd5 49. Rc2 Rb8 50. b5 Ke4 51. Ka5 Kf3 52. b6
f6 53. Ka6 g5 54. hxg5 fxg5 55. b7 h4 56. gxh4 gxh4 57. Ka7 Rxb7+ 58. Kxb7 h3
59. Rc3+ Kg4 60. Rg3+ Kh4 61. Rg8 1-0

[Event "OLNO 1920 SK König Tegel II - SC Weiss"]
[Site "?"]
[Date "2021.08.14"]
[Round "8.2"]
[White "Jahnz, Fabian"]
[Black "Venske, Kai-Gerrit"]
[Result "1-0"]
[WhiteElo "2228"]
[BlackElo "2148"]
[PlyCount "137"]
[EventDate "2021.??.??"]

1. e4 d6 2. d4 Nf6 3. Nc3 e5 4. dxe5 dxe5 5. Qxd8+ Kxd8 6. Bg5 Be6 7. O-O-O+
Nbd7 8. Bxf6+ gxf6 9. g3 Bh6+ 10. Kb1 c6 11. Bd3 Kc7 12. h3 Nc5 13. g4 a5 14.
Nge2 b5 15. Ng3 Bf8 16. Nh5 Be7 17. Rhf1 Rhg8 18. f4 Rad8 19. Ne2 Rd7 20. f5
Bc4 21. Bxc4 Rxd1+ 22. Rxd1 bxc4 23. Nc3 Rb8 24. Kc1 Nd7 25. a3 Bc5 26. Re1 Bf2
27. Re2 Bh4 28. Na4 Rd8 29. Rh2 Nb8 30. Nc3 Na6 31. Re2 Nc5 32. Kb1 Rd4 33. Ka2
Kd8 34. Re3 Ke7 35. Re2 Bg5 36. Ka1 Bd2 37. Nb1 Bg5 38. Nc3 Bh4 39. Ka2 Bg5 40.
Ka1 Bh4 41. Ka2 Kd8 42. Kb1 Bg5 43. Ka2 Ke7 44. Ka1 a4 45. Ka2 Bd2 46. Ng3 Nb3
47. cxb3 cxb3+ 48. Kb1 Bxc3 49. bxc3 Rd3 50. Rg2 Rxc3 51. Nf1 Rxh3 52. Kb2 Rd3
53. Re2 Rf3 54. Nd2 Rg3 55. Nc4 Rxg4 56. Nb6 h5 57. Nxa4 Rg3 58. Nc3 Kd6 59.
Kxb3 Kc5 60. a4 h4 61. a5 h3 62. a6 Kb6 63. Ra2 Rg8 64. a7 Kb7 65. Kc4 Rh8 66.
Kc5 Ka8 67. Rh2 Kxa7 68. Kd6 Rd8+ 69. Kc7 1-0

[Event "OLNO 1920 SK König Tegel II - SC Weiss"]
[Site "?"]
[Date "2021.08.14"]
[Round "8.3"]
[White "Uhl, Heinz"]
[Black "Dimitrijeski, Boris"]
[Result "0-1"]
[WhiteElo "2141"]
[BlackElo "2193"]
[PlyCount "100"]
[EventDate "2021.??.??"]

1. c4 c6 2. Nc3 d5 3. cxd5 cxd5 4. d4 Nf6 5. Nf3 Nc6 6. Bf4 a6 7. Rc1 Bf5 8.
Ne5 Qb6 9. Qa4 e6 10. e4 dxe4 11. Bb5 Rc8 12. Bxc6+ bxc6 13. Nc4 Qb7 14. Bd6
Be7 15. Qa3 Rd8 16. Bc5 Nd5 17. Na5 Bxc5 18. Qxc5 Qd7 19. Nxc6 Nf4 20. O-O Nd3
21. Qb6 Rc8 22. Ne5 Qc7 23. Qxc7 Rxc7 24. g4 Nxc1 25. gxf5 Nd3 26. fxe6 Nxe5
27. dxe5 fxe6 28. Nxe4 Rc2 29. b4 O-O 30. Nc5 Rxa2 31. f4 Rb8 32. Nxe6 Rxb4 33.
Rc1 g6 34. Rc8+ Kf7 35. Ng5+ Ke7 36. Rc7+ Ke8 37. Rc1 Rxf4 38. Nxh7 Rg4+ 39.
Kf1 Rf4+ 40. Kg1 Rg4+ 41. Kf1 Rh4 42. Rc7 Rhxh2 43. Kg1 Rhc2 44. Nf6+ Kd8 45.
Rd7+ Kc8 46. Rd1 Rg2+ 47. Kf1 Raf2+ 48. Ke1 Rxf6 49. Rc1+ Kd8 50. Rd1+ Ke8 0-1

[Event "OLNO 1920 SK König Tegel II - SC Weiss"]
[Site "?"]
[Date "2021.08.14"]
[Round "8.4"]
[White "Dimitrijeski, Kristian"]
[Black "Abraham, Ingo"]
[Result "1/2-1/2"]
[WhiteElo "2115"]
[BlackElo "2225"]
[PlyCount "96"]
[EventDate "2021.??.??"]

1. e4 c5 2. Nf3 d6 3. Bb5+ Nd7 4. O-O a6 5. Bxd7+ Bxd7 6. d4 cxd4 7. Nxd4 Nf6
8. Re1 e6 9. c4 Be7 10. Nc3 O-O 11. b3 Qb8 12. Qd3 Rd8 13. Bg5 Be8 14. Rad1 Qc7
15. Rc1 Rac8 16. h3 h6 17. Be3 b6 18. f4 Qb8 19. f5 e5 20. Nf3 b5 21. Nd5 Nxd5
22. cxd5 Rxc1 23. Rxc1 Rc8 24. Qd2 Rc7 25. Kf2 Bd8 26. Rxc7 Bxc7 27. f6 Bb6 28.
fxg7 Kxg7 29. b4 Bxe3+ 30. Qxe3 Qc7 31. a3 Bd7 32. g4 Qc2+ 33. Kg3 Qc7 34. Nh4
Bc8 35. g5 h5 36. Qf3 Qc4 37. Qf6+ Kg8 38. g6 Qc3+ 39. Nf3 fxg6 40. Qxg6+ Kh8
41. Qxd6 h4+ 42. Kf2 Qb2+ 43. Kf1 Bxh3+ 44. Ke1 Qc3+ 45. Ke2 Qc4+ 46. Ke3 Qc3+
47. Ke2 Qc4+ 48. Ke3 Qc3+ 1/2-1/2

[Event "OLNO 1920 SK König Tegel II - SC Weiss"]
[Site "?"]
[Date "2021.08.14"]
[Round "8.5"]
[White "Kaiser, Martin"]
[Black "Niehaus, Frank"]
[Result "1/2-1/2"]
[WhiteElo "2136"]
[BlackElo "2060"]
[PlyCount "74"]
[EventDate "2021.??.??"]

1. e4 e5 2. Nf3 Nc6 3. Bb5 f5 4. Nc3 fxe4 5. Nxe4 d5 6. Ng3 Bg4 7. h3 Bxf3 8.
Qxf3 Nf6 9. d3 Qd6 10. c3 O-O-O 11. Bxc6 Qxc6 12. Bg5 Kb8 13. O-O h6 14. Bxf6
gxf6 15. c4 e4 16. dxe4 dxc4 17. Rac1 Bc5 18. Rc2 Rhg8 19. Kh1 b5 20. Nf5 Rge8
21. Re2 Rd3 22. Qf4 Red8 23. Qxh6 b4 24. Kh2 c3 25. bxc3 bxc3 26. Rb1+ Ka8 27.
Rc2 Qxe4 28. Qxf6 Bb6 29. Ng3 Qd4 30. Qc6+ Kb8 31. Rb3 Rd6 32. Qe8+ Kb7 33.
Qe4+ Qd5 34. Rbxc3 Rxc3 35. Rxc3 Bxf2 36. Rb3+ Bb6 37. Qxd5+ Rxd5 1/2-1/2

[Event "OLNO 1920 SK König Tegel II - SC Weiss"]
[Site "?"]
[Date "2021.08.14"]
[Round "8.7"]
[White "Gross, Thorsten"]
[Black "Wierzbicki, Jirawat"]
[Result "1/2-1/2"]
[WhiteElo "2141"]
[BlackElo "2149"]
[PlyCount "138"]
[EventDate "2021.??.??"]

1. e4 e5 2. Nf3 Nc6 3. Bb5 a6 4. Ba4 Nf6 5. d4 exd4 6. O-O Be7 7. e5 Ne4 8. Re1
Nc5 9. Bxc6 dxc6 10. Nxd4 O-O 11. Nc3 Re8 12. Be3 Bf8 13. f4 f6 14. Bf2 fxe5
15. fxe5 Qg5 16. Qe2 Ne6 17. Nf3 Qg4 18. h3 Qb4 19. Rab1 Bc5 20. a3 Qb6 21. Ne4
Bxf2+ 22. Qxf2 Qxf2+ 23. Kxf2 Bd7 24. Rbd1 Re7 25. Rd2 c5 26. Nc3 Bc6 27. Nd5
Rf7 28. Kg3 Re8 29. Re3 b5 30. b3 Rd7 31. Red3 Red8 32. Ne7+ Rxe7 33. Rxd8+
Nxd8 34. Rxd8+ Kf7 35. Kf4 h6 36. h4 Ke6 37. Rd2 Rf7+ 38. Ke3 Bxf3 39. gxf3
Kxe5 40. Rg2 Kd5 41. Rd2+ Ke5 42. Rg2 Re7 43. Rg4 Kf5+ 44. Kd3 g5 45. hxg5 hxg5
46. Rg1 Re5 47. Rg4 Rd5+ 48. Ke2 Rd4 49. Rg1 a5 50. Ke3 a4 51. Rh1 Rh4 52. Rd1
Ke6 53. Rg1 Rh2 54. bxa4 bxa4 55. Rxg5 Rxc2 56. Kd3 Ra2 57. Rxc5 Rxa3+ 58. Kc2
Kd6 59. Ra5 c5 60. f4 Kd5 61. Kb2 Rb3+ 62. Kc2 Rb4 63. f5 Rf4 64. f6 Rxf6 65.
Rxa4 c4 66. Ra8 Rf2+ 67. Kc3 Rf3+ 68. Kc2 Kd4 69. Rd8+ Kc5 1/2-1/2

[Event "OLNO 1920 SK König Tegel II - SC Weiss"]
[Site "?"]
[Date "2021.08.14"]
[Round "8.8"]
[White "Acikel, Mert"]
[Black "Gelman, Josef"]
[Result "1-0"]
[WhiteElo "2149"]
[BlackElo "2007"]
[PlyCount "105"]
[EventDate "2021.??.??"]

1. e4 c6 2. Nc3 d5 3. Nf3 dxe4 4. Nxe4 Nf6 5. Qe2 Nxe4 6. Qxe4 Nd7 7. Bc4 Nf6
8. Ne5 e6 9. Qe2 Bd6 10. d4 Qc7 11. O-O O-O 12. Re1 c5 13. dxc5 Qxc5 14. Bf4
Nd5 15. Bxd5 exd5 16. Nd3 Qc7 17. Bxd6 Qxd6 18. Qe5 Qxe5 19. Rxe5 Rd8 20. Nf4
d4 21. Rd1 Kf8 22. c3 d3 23. Rxd3 Rxd3 24. Nxd3 Be6 25. Nb4 Rd8 26. Kf1 b6 27.
b3 a5 28. Nc2 Rd3 29. Re3 Rd2 30. Nd4 Bd5 31. a4 Rd1+ 32. Ke2 Rb1 33. c4 Bxg2
34. Re5 Rh1 35. Rb5 Rxh2 36. Rxb6 h5 37. c5 Ke7 38. c6 Rh1 39. Kd2 Kd8 40. Nb5
Bxc6 41. Rxc6 h4 42. Rc5 g6 43. Nd6 h3 44. Nxf7+ Ke7 45. Rc7+ Kf6 46. Nd6 Rf1
47. Ke2 h2 48. Ne4+ Ke6 49. Ng3 Rg1 50. Rh7 Rb1 51. Rxh2 Rxb3 52. Rh4 Kd5 53.
Rg4 1-0

[Event "OLNO 1920 SC Weisse Dame - SSC Graal-MÃ"]
[Site "?"]
[Date "2021.08.15"]
[Round "9.1"]
[White "Luethke, Hans-Eckart"]
[Black "Moeller, Hendrik"]
[Result "0-1"]
[WhiteElo "2125"]
[BlackElo "2286"]
[PlyCount "106"]
[EventDate "2021.??.??"]

1. e4 c6 2. c4 d5 3. exd5 cxd5 4. cxd5 Nf6 5. Qa4+ Nbd7 6. Nc3 g6 7. Nf3 Bg7 8.
Qb3 O-O 9. Bc4 Nc5 10. Qa3 Nce4 11. O-O a6 12. Re1 Bf5 13. d4 Rc8 14. Ne5 Nxc3
15. bxc3 Nxd5 16. Qb3 Be6 17. a4 b5 18. axb5 axb5 19. Bxd5 Bxd5 20. Qb4 Qc7 21.
Bd2 Qb7 22. f3 Ra8 23. Nd3 e6 24. Nc5 Qc6 25. Reb1 Bc4 26. Bf4 Rfd8 27. Rxa8
Rxa8 28. Ne4 Bd3 29. Re1 Bf8 30. Qb2 Bxe4 31. Rxe4 Qc4 32. Re2 Ra3 33. Rc2 Rb3
34. Qc1 b4 35. cxb4 Qxd4+ 36. Kh1 Rd3 37. Bd2 Bxb4 38. Rc8+ Bf8 39. Rc2 h5 40.
Qe1 Bb4 41. Bxb4 Rd1 42. Rc1 Rxe1+ 43. Bxe1 Qe3 44. Ra1 g5 45. h3 Kh7 46. Bg3
Kg6 47. Bb8 Qc3 48. Rb1 g4 49. hxg4 hxg4 50. fxg4 Kg5 51. Rf1 Kxg4 52. Rf4+ Kg5
53. Rxf7 Qa1+ 0-1

[Event "OLNO 1920 SC Weisse Dame - SSC Graal-MÃ"]
[Site "?"]
[Date "2021.08.15"]
[Round "9.2"]
[White "Waldmann, Hans-Joachim"]
[Black "Jansen, Andreas"]
[Result "1-0"]
[WhiteElo "2289"]
[BlackElo "2124"]
[PlyCount "75"]
[EventDate "2021.??.??"]

1. d4 g6 2. c4 Bg7 3. Nc3 d6 4. e4 c6 5. Be3 Nd7 6. Qd2 Qc7 7. Bd3 e5 8. Nge2
h5 9. O-O Ngf6 10. h3 O-O 11. f4 exd4 12. Bxd4 Nc5 13. f5 Nxd3 14. Qxd3 g5 15.
Rad1 Rd8 16. Qg3 Nh7 17. Bxg7 Kxg7 18. c5 h4 19. Qh2 Qa5 20. cxd6 Bd7 21. b4
Qb6+ 22. Kh1 Re8 23. Rd4 Nf6 24. e5 Nh5 25. Re4 c5 26. e6 Bc6 27. Qe5+ f6 28.
Qxc5 Bxe4 29. Nxe4 Qa6 30. Qc7+ Kh6 31. Qf7 Rg8 32. Nxf6 Nxf6 33. Qxf6+ Kh7 34.
Qe5 Rac8 35. Re1 g4 36. f6 Kh6 37. Qf4+ Kh5 38. Ng3+ 1-0

[Event "OLNO 1920 SC Weisse Dame - SSC Graal-MÃ"]
[Site "?"]
[Date "2021.08.15"]
[Round "9.3"]
[White "Van Bentum, Horst"]
[Black "Venske, Kai-Gerrit"]
[Result "1/2-1/2"]
[WhiteElo "1989"]
[BlackElo "2148"]
[PlyCount "82"]
[EventDate "2021.??.??"]

1. e4 d5 2. exd5 Qxd5 3. Nc3 Qa5 4. d4 Nf6 5. Nf3 c6 6. Bc4 Bf5 7. O-O e6 8.
Bd2 Bb4 9. a3 Bxc3 10. Bxc3 Qc7 11. Ne5 Nbd7 12. Nxd7 Qxd7 13. Bd3 Qd5 14. Qe2
Bxd3 15. Qxd3 O-O 16. Rfe1 Rfd8 17. Rad1 Nd7 18. h3 a5 19. Qe4 Nb6 20. Qxd5
Rxd5 21. Re5 Nc4 22. Rxd5 cxd5 23. a4 Rc8 24. Kf1 f6 25. Ke1 Kf7 26. b3 Nd6 27.
Bxa5 Rxc2 28. Rd2 Rc1+ 29. Rd1 Rc2 30. Rd2 Rc1+ 31. Rd1 Rc6 32. f3 Ke8 33. Rd3
Rc2 34. Rd2 Rc1+ 35. Kf2 Kd7 36. g4 f5 37. Rd3 Rc2+ 38. Rd2 Rc6 39. Rd3 Rc2+
40. Rd2 Rc1 41. Rd3 Rc2+ 1/2-1/2

[Event "OLNO 1920 SC Weisse Dame - SSC Graal-MÃ"]
[Site "?"]
[Date "2021.08.15"]
[Round "9.5"]
[White "Simcaks, Sergejs"]
[Black "Abraham, Ingo"]
[Result "1-0"]
[WhiteElo "1859"]
[BlackElo "2225"]
[PlyCount "113"]
[EventDate "2021.??.??"]

1. e4 c5 2. Nf3 e6 3. d4 cxd4 4. Nxd4 Nc6 5. Nc3 a6 6. Bc4 Qc7 7. Bb3 Nf6 8.
O-O Nxd4 9. Qxd4 Bc5 10. Qd1 b5 11. Qe2 Bb7 12. Kh1 b4 13. e5 bxc3 14. exf6
gxf6 15. bxc3 Rg8 16. f3 Qe5 17. Qxe5 fxe5 18. Re1 f6 19. Be3 Bxe3 20. Rxe3 Ke7
21. Bc4 d5 22. Bd3 h6 23. Rb1 Rab8 24. Kg1 Bc6 25. Ree1 a5 26. Kf2 Kd6 27. Rb3
f5 28. Reb1 Kc7 29. Rxb8 Rxb8 30. Rxb8 Kxb8 31. g4 e4 32. fxe4 fxe4 33. Be2 Kc7
34. Kg3 Kd6 35. Kf4 Bd7 36. h4 e5+ 37. Ke3 Be8 38. h5 Bf7 39. c4 dxc4 40. Kxe4
c3 41. a3 Bg8 42. Kd3 Kc5 43. Kxc3 Be6 44. g5 hxg5 45. h6 Bf5 46. Kd2 Kd6 47.
Ke3 e4 48. Kd4 Ke7 49. Ke5 Bh7 50. c4 Kd7 51. Kf6 e3 52. Kxg5 Kd6 53. Kf4 Kc5
54. Kxe3 a4 55. Bd3 Bg8 56. Kd2 Kd4 57. Kc2 1-0

[Event "OLNO 1920 SC Weisse Dame - SSC Graal-MÃ"]
[Site "?"]
[Date "2021.08.15"]
[Round "9.6"]
[White "Kaiser, Martin"]
[Black "Schulz, Wolf-Detlef"]
[Result "1-0"]
[WhiteElo "2136"]
[BlackElo "1823"]
[PlyCount "61"]
[EventDate "2021.??.??"]

1. Nf3 Nf6 2. g3 Nc6 3. d4 d5 4. Bg2 Bf5 5. O-O e6 6. c4 Be7 7. cxd5 Nxd5 8.
Nc3 O-O 9. Bd2 Bf6 10. Re1 Bg6 11. e4 Nb6 12. e5 Be7 13. Bf4 Bh5 14. h3 Nb4 15.
a3 N4d5 16. Bc1 c6 17. Ne4 f6 18. exf6 Nxf6 19. Neg5 Qd7 20. g4 Bg6 21. Ne5 Qc8
22. Nxg6 hxg6 23. Nxe6 Re8 24. Nf4 Bd6 25. Nxg6 Rxe1+ 26. Qxe1 Nxg4 27. hxg4
Qxg4 28. Qe4 Qd1+ 29. Bf1 Bh2+ 30. Kg2 Qh5 31. Be2 1-0

[Event "OLNO 1920 SC Weisse Dame - SSC Graal-MÃ"]
[Site "?"]
[Date "2021.08.15"]
[Round "9.7"]
[White "Jeske, Holger"]
[Black "Gross, Thorsten"]
[Result "1/2-1/2"]
[WhiteElo "1863"]
[BlackElo "2141"]
[PlyCount "84"]
[EventDate "2021.??.??"]

1. e4 c6 2. d4 d5 3. e5 Bf5 4. Bd3 Bxd3 5. Qxd3 e6 6. Ne2 Qa5+ 7. c3 Qa6 8. Qc2
c5 9. O-O Nd7 10. Be3 Rc8 11. Qd2 Ne7 12. Na3 Nc6 13. Nc2 cxd4 14. cxd4 Be7 15.
b3 O-O 16. f4 f5 17. Nc1 Qa5 18. Qxa5 Nxa5 19. Rf2 Rc7 20. Nd3 Rfc8 21. Rc1 Rc3
22. Nce1 Rxc1 23. Bxc1 Nc6 24. Rc2 Nb6 25. Bb2 Kf7 26. Kf2 h6 27. Ke3 a5 28.
Bc3 g5 29. g3 a4 30. Kd2 Ra8 31. Ke3 axb3 32. axb3 Ra3 33. Nc1 Ra8 34. Ncd3
gxf4+ 35. gxf4 Nd7 36. Rg2 Bh4 37. Nc2 Ra2 38. Kf3 Ra8 39. Ke3 Be7 40. Kd2 Nf8
41. Ke3 Ra2 42. Nc1 Ra8 1/2-1/2

[Event "OLNO 1920 SF Berlin III - SC Rotation P"]
[Site "?"]
[Date "2021.08.15"]
[Round "9.2"]
[White "Hoffmann, Udo"]
[Black "Neumeier, Lars"]
[Result "1/2-1/2"]
[WhiteElo "2313"]
[BlackElo "2306"]
[PlyCount "20"]
[EventDate "2021.??.??"]

1. e4 c5 2. Nf3 d6 3. Bb5+ Bd7 4. c4 Bxb5 5. cxb5 Nf6 6. Nc3 g6 7. d4 cxd4 8.
Nxd4 Bg7 9. O-O O-O 10. Be3 Nbd7 {(=)} 1/2-1/2

[Event "OLNO 1920 SF Berlin III - SC Rotation P"]
[Site "?"]
[Date "2021.08.15"]
[Round "9.3"]
[White "Seils, Joerg"]
[Black "Noetzel, Felix"]
[Result "1-0"]
[WhiteElo "2322"]
[BlackElo "2263"]
[PlyCount "91"]
[EventDate "2021.??.??"]

1. e4 c5 2. Nf3 Nc6 3. Bb5 g6 4. O-O Bg7 5. Re1 Nf6 6. c3 O-O 7. h3 e5 8. d3 d6
9. a3 a6 10. Bxc6 bxc6 11. b4 Nd7 12. Nbd2 h6 13. Nc4 Qe7 14. bxc5 Nxc5 15. Be3
Be6 16. Bxc5 dxc5 17. Nfd2 Rad8 18. Qc2 f5 19. Rab1 f4 20. f3 Qd7 21. Rb6 Qxd3
22. Qxd3 Rxd3 23. Rxc6 Bf7 24. Rc1 Rfd8 25. Rc2 Bf8 26. Rxa6 Re3 27. Kf2 Be7
28. g3 Rd7 29. Nxe5 fxg3+ 30. Kxg3 Bd6 31. Rxd6 Rxd6 32. Nec4 Rdd3 33. Nxe3
Rxe3 34. Kf2 Rd3 35. Ke2 c4 36. a4 Be6 37. h4 g5 38. hxg5 hxg5 39. a5 g4 40.
fxg4 Bxg4+ 41. Kf2 Bd1 42. Ra2 Bb3 43. Rb2 Rxc3 44. a6 Rc1 45. a7 Ra1 46. Nxc4
1-0

[Event "OLNO 1920 SF Berlin III - SC Rotation P"]
[Site "?"]
[Date "2021.08.15"]
[Round "9.5"]
[White "Guth, Thomas"]
[Black "Weber, Daniel"]
[Result "1-0"]
[WhiteElo "2245"]
[BlackElo "2125"]
[PlyCount "95"]
[EventDate "2021.??.??"]

1. e4 c6 2. d4 d5 3. exd5 cxd5 4. Bd3 Nc6 5. c3 Nf6 6. h3 g6 7. Nf3 Bf5 8. Bg5
Bxd3 9. Qxd3 Ne4 10. Bf4 Qb6 11. b3 Bg7 12. O-O O-O 13. Nbd2 Nxd2 14. Qxd2 Rfe8
15. Rfe1 Rac8 16. Rac1 Qa5 17. Re2 b5 18. Bh6 Qc7 19. c4 bxc4 20. bxc4 Qa5 21.
Qf4 Nxd4 22. Nxd4 e5 23. Nb3 exf4 24. Rxe8+ Rxe8 25. Nxa5 Bxh6 26. cxd5 Rd8 27.
Rd1 Bf8 28. Nc6 Rd7 29. Kf1 Kg7 30. Ke2 f5 31. Rd3 Kf6 32. Kd2 Bc5 33. f3 g5
34. Kc3 h5 35. Kc4 Be3 36. a4 g4 37. a5 a6 38. d6 Ke6 39. Nb8 Rxd6 40. Rxd6+
Kxd6 41. Nxa6 Ba7 42. Nb4 Bf2 43. Nc2 Ke5 44. a6 Ba7 45. Nb4 Kf6 46. h4 Ke6 47.
Nc6 Bb6 48. a7 1-0

[Event "OLNO 1920 SF Berlin III - SC Rotation P"]
[Site "?"]
[Date "2021.08.15"]
[Round "9.6"]
[White "Offermann, Fernando"]
[Black "Lisek, Juergen"]
[Result "1/2-1/2"]
[WhiteElo "2175"]
[BlackElo "2230"]
[PlyCount "21"]
[EventDate "2021.??.??"]

1. Nf3 c5 2. g3 Nc6 3. Bg2 d5 4. O-O e5 5. d3 Bd6 6. c4 d4 7. e3 Nge7 8. exd4
cxd4 9. Nbd2 O-O 10. a3 a5 11. Ne4 {(=)} 1/2-1/2

[Event "OLNO 1920 SF Berlin III - SC Rotation P"]
[Site "?"]
[Date "2021.08.15"]
[Round "9.7"]
[White "Wagner-Michel, Annett"]
[Black "Lindhauer, Thorben"]
[Result "1/2-1/2"]
[WhiteElo "2011"]
[BlackElo "1937"]
[PlyCount "49"]
[EventDate "2021.??.??"]

1. e4 c6 2. d4 d5 3. Nd2 dxe4 4. Nxe4 Bf5 5. Ng3 Bg6 6. Nf3 e6 7. h4 h6 8. h5
Bh7 9. Bd3 Bxd3 10. Qxd3 Nf6 11. Bd2 Be7 12. O-O-O O-O 13. Kb1 c5 14. Be3 Qc7
15. dxc5 Bxc5 16. Ne4 Nxe4 17. Qxe4 Bxe3 18. Qxe3 Nc6 19. g4 Nb4 20. Qe4 Qc6
21. Qxc6 Nxc6 22. Rd7 b6 23. c3 Rfd8 24. Rhd1 Kf8 25. Kc2 {(=)} 1/2-1/2

[Event "OLNO 1920 SF Berlin III - SC Rotation P"]
[Site "?"]
[Date "2021.08.15"]
[Round "9.8"]
[White "Skogvall, Martina"]
[Black "Freyberg, Dominic"]
[Result "1-0"]
[WhiteElo "1992"]
[BlackElo "2129"]
[PlyCount "65"]
[EventDate "2021.??.??"]

1. e4 Nc6 2. d4 e5 3. d5 Nce7 4. Nc3 Ng6 5. Nge2 Bc5 6. Qd3 Nf6 7. Be3 Bxe3 8.
Qxe3 Ng4 9. Qf3 d6 10. h3 Nh6 11. O-O-O f5 12. Ng3 O-O 13. exf5 Nxf5 14. Nge4
a6 15. g3 b5 16. Qh5 Nh6 17. Bd3 Rf5 18. Qe2 Rf8 19. Qd2 Ne7 20. Ng5 Nhf5 21.
Nxh7 Kxh7 22. g4 b4 23. Ne2 Nxd5 24. gxf5 Nf6 25. Rhg1 d5 26. Qg5 Qe7 27. Qg6+
Kg8 28. Ng3 Qf7 29. Qg5 Nh7 30. Qh4 Qf6 31. Qxb4 Bd7 32. Qc5 c6 33. Qe3 {(Zü)}
1-0